000
00345nam a2200157Ia 4500
003
0STCL
008
150530s9999 xx 000 0 und d
040
_a
STCL
_c
STCL
100
_a
Parasuram, A.N.
245
_a
Life of Milton
260
_b
Minerva
_c
1987
546
_a
English
942
_2
ddc
_c
BK
999
_c
51392
_d
51392
005
20220125170840.0